| 000 | 01005cam a22002773a 4500 | ||
|---|---|---|---|
| 001 | 13852 | ||
| 003 | PGUSA | ||
| 005 | 20140828083309.0 | ||
| 008 | 041025s2004||||xxu|||||s|||||000 | eng d | ||
| 040 |
_aPGUSA _beng |
||
| 042 | _adc | ||
| 050 | 4 | _aPN | |
| 100 | 1 |
_aBennett, Arnold, _d1867-1931 |
|
| 245 | 1 | 0 |
_aLiterary Taste : _bHow to Form It : With Detailed Instructions for Collecting a Complete Library of English Literature _h[electronic resource] / _cArnold Bennett |
| 260 |
_bProject Gutenberg, _c2004 |
||
| 500 | _aThis eBook is taken from a 1913 edition. See also: #3640 taken from a 1914 re-printing of a 1909 edition. | ||
| 506 | _aPublic domain in the USA. | ||
| 516 | _aElectronic text | ||
| 653 | _aBest books -- Great Britain | ||
| 653 | _aBooks and reading -- Great Britain | ||
| 653 | _aBook collecting -- Great Britain | ||
| 653 | _aEnglish literature -- Bibliography | ||
| 830 | 0 |
_aProject Gutenberg _v13852 |
|
| 856 | 4 | 0 | _uhttp://www.gutenberg.org/ebooks/13852 |
| 942 | _cEB | ||
| 999 |
_c243107 _d243107 |
||